Muscles of Bodybuilding - Statistics

General Stats
  • This quiz has been taken 1,676 times
  • The average score is 15 of 23
Answer Stats
Location Muscle Function % Correct
Arm Biceps Brachii Elbow Flexion
99%
Upper Leg Biceps Femoris Knee Flexion, Hip Extension
99%
Arm Triceps Brachii Elbow Extension
97%
Shoulder Deltoid Shoulder Flexion, Abduction, and Extension
83%
Upper Leg Rectus Femoris Hip Flexion, Knee Extension
79%
Upper Leg Vastus Intermedius Knee Extension
79%
Upper Leg Vastus Lateralis Knee Extension
79%
Upper Leg Vastus Medialis Knee Extension
79%
Back Latissimus Dorsi Humerus Adduction/Extension/Internal Rotation
74%
Back Trapezius Scapula Retraction/Elevation
70%
Lower Leg Gastrocnemius Plantar Flexion
69%
Lower Leg Soleus Plantar Flexion
68%
Front Pectoralis Major Humerus Adduction
66%
Front Rectus Abdominis Spinal Flexion
65%
Upper Leg Gluteus Maximus Hip Extension
60%
Upper Leg Semimembranosus Knee Flexion, Hip Extension
56%
Upper Leg Semitendinosus Knee Flexion, Hip Extension
56%
Arm Brachialis Elbow Flexion
39%
Front Obliques Spinal Flexion/Rotation
37%
Back Erector Spinae Spinal Extension
35%
Back Rhomboids Scapula Retraction
30%
Arm Brachioradialis Elbow Flexion
25%
Back Teres Major/Minor Humerus Adduction/Extension/Internal Rotation
20%
No matching quizzes found
Score Distribution
Percent of People with Each Score
Percentile by Number Answered
Your Score History
You have not taken this quiz